Sampling techniques / (Record no. 35101)
[ view plain ]
| 000 -LEADER | |
|---|---|
| fixed length control field | 00717nam a2200241 a 4500 |
| 001 - CONTROL NUMBER | |
| control field | 35101 |
| 003 - CONTROL NUMBER IDENTIFIER | |
| rucl marc code | BD-RjUL |
| 005 - DATE AND TIME OF LATEST TRANSACTION | |
| control field | 20211209052247.0 |
| 008 - FIXED-LENGTH DATA ELEMENTS--GENERAL INFORMATION | |
| fixed length control field | 140521r19611953nyua 001 0 eng d |
| 035 ## - SYSTEM CONTROL NUMBER | |
| System control number | (BD-RjUL)35195 |
| 040 ## - CATALOGING SOURCE | |
| Original cataloging agency | DLC |
| Transcribing agency | OYU |
| Modifying agency | DLC |
| -- | BD-RjUL |
| Language of cataloging | eng |
| 041 ## - LANGUAGE CODE | |
| Language code of text/sound track or separate title | eng |
| 082 ## - DEWEY DECIMAL CLASSIFICATION NUMBER | |
| Classification number | 519.52 |
| Author mark and year | COS 1961 |
| Edition number | 23 |
| 100 1# - MAIN ENTRY--PERSONAL NAME | |
| Personal name | Cochran, William Gemmell |
| 9 (RLIN) | 106870 |
| 245 10 - TITLE STATEMENT | |
| Title | Sampling techniques / |
| Statement of responsibility, etc. | by William G Cochran |
| 260 ## - PUBLICATION, DISTRIBUTION, ETC. (IMPRINT) | |
| Place of publication, distribution, etc. | New York : |
| Name of publisher, distributor, etc. | Wiley, |
| Date of publication, distribution, etc. | c1953 [1961]. |
| 300 ## - PHYSICAL DESCRIPTION | |
| Pagination | xiv, 330 p. : |
| Illustrations | ill. ; |
| Size | 24 cm. |
| 504 ## - BIBLIOGRAPHY, ETC. NOTE | |
| Bibliography, etc | Includes bibliography and index. |
| 650 #0 - SUBJECT ADDED ENTRY--TOPICAL TERM | |
| Topical term or geographic name as entry element | Sampling (Statistics) |
| 9 (RLIN) | 106872 |
| 942 ## - ADDED ENTRY ELEMENTS (KOHA) | |
| Source of classification or shelving scheme | Dewey Decimal Classification |
| Koha item type | Books |
| Lost status | Source of classification or shelving scheme | Damaged status | Not for loan | Collection code | Permanent Location | Current Location | Shelving location | Date acquired | Source of acquisition | Cost, normal purchase price | Total Checkouts | Full call number | Date last seen | Copy number | Koha item type |
|---|---|---|---|---|---|---|---|---|---|---|---|---|---|---|---|
| Dewey Decimal Classification | Not For Loan | Non-fiction | Central Library, University of Rajshahi | Central Library, University of Rajshahi | Reading Room | 04/02/1963 | Zeitlinger | 53.00 | 519.52 COS 1961 | 21/05/2014 | C-1 | Books | |||
| Dewey Decimal Classification | Non-fiction | Central Library, University of Rajshahi | Central Library, University of Rajshahi | 22/03/1963 | Euro-Pak | 37.50 | 519.52 COS 1962 | 21/05/2014 | C-10 | Books | |||||
| Dewey Decimal Classification | Non-fiction | Central Library, University of Rajshahi | Central Library, University of Rajshahi | 18/10/1962 | Zeit | 53.00 | 519.52 COS 1960 | 21/05/2014 | C-5 | Books | |||||
| Dewey Decimal Classification | Non-fiction | Central Library, University of Rajshahi | Central Library, University of Rajshahi | 29/06/1966 | Mirza Book Agency | 13.80 | 519.52 COS 1965 | 21/05/2014 | C-9 | Books | |||||
| Dewey Decimal Classification | Non-fiction | Central Library, University of Rajshahi | Central Library, University of Rajshahi | 25/04/1961 | MIRZA BOOK AGENCY | 10.00 | 519.52 COS 1961 | 16/06/2014 | C-3 | Books | |||||
| Dewey Decimal Classification | Non-fiction | Central Library, University of Rajshahi | Central Library, University of Rajshahi | 04/02/1963 | Zeitlinger. | 57.00 | 519.52 COS 1961 | 17/06/2014 | C-8 | Books | |||||
| Dewey Decimal Classification | Non-fiction | Central Library, University of Rajshahi | Central Library, University of Rajshahi | 20/02/1963 | zeetlinger | 519.52 COS 1960 | 18/06/2014 | C-4 | Books | ||||||
| Dewey Decimal Classification | Non-fiction | Central Library, University of Rajshahi | Central Library, University of Rajshahi | 19/06/2014 | 519.52 COS 1961 | 19/06/2014 | C-6 | Books | |||||||
| Dewey Decimal Classification | Non-fiction | Central Library, University of Rajshahi | Central Library, University of Rajshahi | 20/08/1955 | lassel and co. litd | 26.00 | 519.52 COS 1961 | 29/03/2017 | C-2 | Books | |||||
| Dewey Decimal Classification | Non-fiction | Central Library, University of Rajshahi | Central Library, University of Rajshahi | 25/09/2017 | Auther | 519.52 COS 1961 | 15/03/2018 | C-7 | Books |